| 000 | 00732nam a2200217 i 4500 | ||
|---|---|---|---|
| 001 | bgj | ||
| 100 | 1 |
_aHAWTHORNE, Nathaniel _d(1804-1864). |
|
| 245 | 1 | 0 |
_aTwelve tales / _cNathaniel Hawthorne ; adapted by Angela Paratore. |
| 260 |
_aWashington, D.C. : _bUnited States Information Agency, _c1991. |
||
| 300 |
_a167 pp ; _c23 cm. |
||
| 490 | 1 | _aA Ladder edition. American literary classics | |
| 500 | _aSimplified edition at the 2000-word level. | ||
| 650 | 9 |
_aAmerican stories _yMiddle 19th century _y1830-1861 |
|
| 700 | 1 |
_aPARATORE, Angela. _eed. |
|
| 830 | 0 |
_aA Ladder edition. _pAmerican literary classics |
|
| 020 | _apbk | ||
| 040 | _cBPK | ||
| 041 | 0 | _aeng | |
| 942 | _cKS | ||
| 008 | s uk f |000 0 eng | ||
| 999 |
_c41275 _d41275 |
||
| 856 |
_uhttp://koha.tu.koszalin.pl/cgi-bin/koha/opac-detail.pl?biblionumber=41275 _yKatalog online BPK |
||